Obstrucción de la acción climática en la extrema derecha española (Record no. 60240)

MARC details
000 -LEADER
campo de control de longitud fija 00983nam a2200229Ia 4500
008 - DATOS DE LONGITUD FIJA--INFORMACIÓN GENERAL
campo de control de longitud fija 240916m2021 sp 000 0 spa d
041 ## - CÓDIGO DE IDIOMA
Código de lengua del texto/banda sonora o título independiente spa
100 ## - ENTRADA PRINCIPAL--NOMBRE DE PERSONA
Nombre de persona MORENO DIAZ, José Antonio
9 (RLIN) 10371
245 10 - MENCIÓN DEL TÍTULO
Título Obstrucción de la acción climática en la extrema derecha española
Resto del título : la enmienda de Vox a la Ley de Cambio Climático y su representación en prensa
Mención de responsabilidad, etc. / José Antonio Moreno, Gina Thorton
260 ## - PUBLICACIÓN, DISTRIBUCIÓN, ETC.
Lugar de publicación, distribución, etc. [Sevilla :
Nombre del editor, distribuidor, etc. Editorial de la Universidad de Sevilla],
Fecha de publicación, distribución, etc. 2022
300 ## - DESCRIPCIÓN FÍSICA
Extensión 16 p. ;
Dimensiones 30 cm
500 ## - NOTA GENERAL
Nota general AEn : Ámbitos. Revista Internacional de Comunicación, n. 53 (2021). pp.| 25 - 40
650 #0 - PUNTO DE ACCESO ADICIONAL DE MATERIA--TÉRMINO DE MATERIA
Término de materia o nombre geográfico como elemento de entrada CAMBIO CLIMATICO
9 (RLIN) 14743
650 #0 - PUNTO DE ACCESO ADICIONAL DE MATERIA--TÉRMINO DE MATERIA
Término de materia o nombre geográfico como elemento de entrada PRENSA
9 (RLIN) 1631
650 #0 - PUNTO DE ACCESO ADICIONAL DE MATERIA--TÉRMINO DE MATERIA
Término de materia o nombre geográfico como elemento de entrada POLITICA
9 (RLIN) 547
650 #0 - PUNTO DE ACCESO ADICIONAL DE MATERIA--TÉRMINO DE MATERIA
Término de materia o nombre geográfico como elemento de entrada DERECHOS HUMANOS
9 (RLIN) 2569
650 #0 - PUNTO DE ACCESO ADICIONAL DE MATERIA--TÉRMINO DE MATERIA
Término de materia o nombre geográfico como elemento de entrada ACTITUD SINDICAL
9 (RLIN) 61
650 #0 - PUNTO DE ACCESO ADICIONAL DE MATERIA--TÉRMINO DE MATERIA
Término de materia o nombre geográfico como elemento de entrada MEDIOS DE COMUNICACION DE MASAS
9 (RLIN) 29246
700 1# - ENTRADA AGREGADA--NOMBRE PERSONAL
9 (RLIN) 39283
Nombre de persona THORTON, Gina
856 ## - LOCALIZACIÓN Y ACCESO ELECTRÓNICOS
Nota pública PDF
Identificador Uniforme de Recursos <a href="https://docpublicos.ccoo.es/cendoc/069001ObstrucciónAccionClimatica.pdf">https://docpublicos.ccoo.es/cendoc/069001ObstrucciónAccionClimatica.pdf</a>
942 ## - ELEMENTOS DE ENTRADA SECUNDARIOS (KOHA)
Tipo de ítem Koha Documento Electrónico
Fuente del sistema de clasificación o colocación Clasificación Decimal Dewey
Holdings
Estatus retirado Estado de pérdida Fuente del sistema de clasificación o colocación Estado de daño No para préstamo Biblioteca de origen Biblioteca actual Fecha de adquisición Número de inventario Total de préstamos Código de barras Visto por última vez Precio de reemplazo Tipo de ítem Koha
    Clasificación Decimal Dewey     CENDO CENDO 16/09/2024 069001   2024-1569 16/09/2024 16/09/2024 Documento Electrónico